Statistika spoljne trgovine SFR Jugoslavije za 1987. godinu

Enregistré dans:
Détails bibliographiques
Format: Livre
Langue:serbe
Publié: Beograd Savezni zavod za statistiku 1988
Édition:1. izd.
Tags: Ajouter un tag
Pas de tags, Soyez le premier à ajouter un tag!

MARC

LEADER 00000nam a2200000 4500
001 c036258
005 20250701083639.8
041 0 |a srp 
044 |a YU 
245 1 0 |a Statistika spoljne trgovine SFR Jugoslavije za 1987. godinu 
250 |a 1. izd. 
264 1 |a Beograd  |b Savezni zavod za statistiku  |c 1988 
300 |a 694 s.